000 00482nam a2200181Ia 4500
001 3515
005 20260306145649.0
008 260306t1993||||xx |||||||||||||| ||spa||
041 _aESP
082 _a282.8
_bN74U
100 _aNewman, John Henry
_eAUT
245 0 _aLa fe y la razón:
_bquince sermones predicados ante la Universidad de Oxford (1826-1843)
260 _c1993
300 _a411 páginas :
_c23 cm.
650 _aGEN
654 _aCHU
942 _cLIB
_dJUS
_fJUS
_2ddc
_n
999 _c3515
_d3515